ग्रामीण समाजशास्त्र / (Record no. 120912)
[ view plain ]
| 000 -LEADER | |
|---|---|
| fixed length control field | 01188nam a22002537a 4500 |
| 005 - DATE AND TIME OF LATEST TRANSACTION | |
| control field | 20170124103205.0 |
| 010 ## - LIBRARY OF CONGRESS CONTROL NUMBER | |
| LC control number | A-975517 |
| 020 ## - INTERNATIONAL STANDARD BOOK NUMBER | |
| Terms of availability | 400.00 |
| International Standard Book Number | 8170561493 |
| 035 ## - SYSTEM CONTROL NUMBER | |
| System control number | A-975517 |
| 037 ## - SOURCE OF ACQUISITION | |
| Source of stock number/acquisition | Cen Lib/Ret |
| 040 ## - CATALOGING SOURCE | |
| Original cataloging agency | DPL |
| Language of cataloging | HN |
| 082 ## - DEWEY DECIMAL CLASSIFICATION NUMBER | |
| Classification number | 307.72 |
| Item number | शर्मावी |
| 100 ## - MAIN ENTRY--PERSONAL NAME | |
| Personal name | शर्मा, वीरेन्द्र प्रकाश |
| 9 (RLIN) | 42563 |
| 245 ## - TITLE STATEMENT | |
| Title | ग्रामीण समाजशास्त्र / |
| Statement of responsibility, etc | वीरेन्द्र प्रकाश शर्मा |
| 246 ## - VARYING FORM OF TITLE | |
| Title proper/short title | Grameen samajshastr / |
| Remainder of title | by Virendra Prakash Sharma |
| 260 ## - PUBLICATION, DISTRIBUTION, ETC. (IMPRINT) | |
| Place of publication, distribution, etc | जयपुर |
| Name of publisher, distributor, etc | पंचशील प्रकाशन |
| Date of publication, distribution, etc | 1999 |
| 270 ## - ADDRESS | |
| City | जयपुर |
| Address | फिल्म कॉलोनी, चौड़ा रास्ता |
| Postal code | 302 003 |
| 300 ## - PHYSICAL DESCRIPTION | |
| Extent | 567पृ. |
| Dimensions | 20सेमी(सजिल्द) |
| 650 ## - SUBJECT ADDED ENTRY--TOPICAL TERM | |
| Topical term or geographic name as entry element | ग्रामीण भारत -- सामाजिक समस्याएँ |
| 9 (RLIN) | 93362 |
| 650 ## - SUBJECT ADDED ENTRY--TOPICAL TERM | |
| Topical term or geographic name as entry element | ग्रामीण शक्ति संरचना |
| 9 (RLIN) | 1886 |
| 650 ## - SUBJECT ADDED ENTRY--TOPICAL TERM | |
| Topical term or geographic name as entry element | Rural India - Social Problems |
| 9 (RLIN) | 93363 |
| 650 ## - SUBJECT ADDED ENTRY--TOPICAL TERM | |
| Topical term or geographic name as entry element | Rural power structure |
| 9 (RLIN) | 73102 |
| 942 ## - ADDED ENTRY ELEMENTS (KOHA) | |
| Source of classification or shelving scheme | Dewey Decimal Classification |
| Koha item type | Hindi Books |
| Classification part | 307.72 |
| Call number suffix | शर्मावी |
| Withdrawn status | Lost status | Damaged status | Not for loan | Home library | Current library | Date acquired | Source of acquisition | Cost, normal purchase price | Total Checkouts | Total Renewals | Full call number | Barcode | Date last seen | Date checked out | Copy number | Cost, replacement price | Price effective from | Koha item type |
|---|---|---|---|---|---|---|---|---|---|---|---|---|---|---|---|---|---|---|
| Central Library | Central Library | 29/09/2015 | Cen Lib/Ret | 400.00 | 1 | 1 | 307.72 शर्मावी | A-975517 | 08/08/2018 | 12/07/2018 | 1 | 400.00 | 29/09/2015 | Hindi Books |
